Die größten Städte Europas - Statistiken

Allgemein
  • Dieses Quiz wurde 22.914 mal gespielt
    21.505 seit der letzten Aktualisierung
  • Das Durchschnittsergebnis liegt bei 32 aus 51
Antwortstatistiken
Bevölkerung Stadt % Korrekt
4,63 Mio. Berlin
98%
11,3 Mio. Paris
98%
14,6 Mio. London
96%
6,35 Mio. Madrid
96%
17,0 Mio. Moskau
96%
3,60 Mio. Rom
95%
2,25 Mio. München
94%
4,70 Mio. Barcelona
92%
2,83 Mio. Hamburg
92%
2,23 Mio. Wien
91%
2,30 Mio. Warschau
89%
2,55 Mio. Lissabon
85%
2,15 Mio. Stockholm
85%
2,43 Mio. Amsterdam
84%
14,8 Mio. Istanbul
84%
5,15 Mio. Mailand
83%
3,38 Mio. Athen
82%
1,42 Mio. Prag
82%
2,58 Mio. Budapest
80%
2,05 Mio. Brüssel
79%
3,45 Mio. Kiew
77%
1,65 Mio. Kopenhagen
77%
1,37 Mio. Dublin
75%
5,50 Mio. Sankt Petersburg
75%
2,20 Mio. Bukarest
74%
1,66 Mio. Marseille
72%
3,03 Mio. Manchester
70%
1,40 Mio. Zürich
68%
4,23 Mio. Neapel
66%
3,23 Mio. Frankfurt
65%
1,98 Mio. Lyon
64%
1,86 Mio. Liverpool
59%
1,41 Mio. Belgrad
55%
2,00 Mio. Minsk
55%
3,20 Mio. Rotterdam/Den Haag
55%
2,38 Mio. Stuttgart
54%
1,66 Mio. Turin
52%
3,10 Mio. Birmingham
49%
1,66 Mio. Glasgow
46%
1,76 Mio. Valencia
46%
2,15 Mio. Leeds
24%
1,45 Mio. Donezk
19%
1,57 Mio. Mannheim
15%
1,47 Mio. Newcastle
15%
1,63 Mio. Charkiw
14%
1,41 Mio. Wolgograd
13%
1,55 Mio. Sheffield
12%
1,37 Mio. Nottingham
11%
1,74 Mio. Nischni Nowgorod
10%
1,63 Mio. Jekaterinburg
9%
1,41 Mio. Tscheljabinsk
4%
Keine übereinstimmenden Quizze gefunden
Verteilung der Resultate
Anzahl Personen mit jedem Resultat
Perzentil nach korrekt beantworteten Fragen
Ihre Resultats-Entwicklung
Sie haben dieses Quiz seit der letzten Aktualisierung nicht gespielt